| 000 | 01035cam a2200265 4500 | ||
|---|---|---|---|
| 001 | 834233 | ||
| 005 | 19920618114954.5 | ||
| 008 | 700629s1970 nyu b 001 0 eng | ||
| 010 | _a 77120855 | ||
| 020 | _a0231030665 | ||
| 040 |
_aDLC _cDLC _dDLC |
||
| 050 | 0 | 0 |
_aE183.8.G7 _bN47 1970 |
| 082 | 0 | 0 |
_a327.73042 _222 _bNEU |
| 100 | 1 |
_aNeustadt, Richard E. _910244 |
|
| 245 | 1 | 0 |
_aAlliance Politics/ _c Richard E. Neustadt. |
| 260 |
_aNew York, _bColumbia University Press,1970 _c1970. |
||
| 300 |
_axii, 167 p.; _c22 cm. |
||
| 500 | _aDonated by Alaa AbdEl Ghany | ||
| 504 | _aIncludes bibliographical references. | ||
| 651 | 0 |
_aUnited States _xForeign relations _y1945-1989. _910245 |
|
| 651 | 0 |
_aUnited States _xForeign relations _zGreat Britain. _910246 |
|
| 651 | 0 |
_aGreat Britain _xForeign relations _zUnited States. _910247 |
|
| 942 |
_2ddc _cBB |
||
| 999 |
_c13109 _d13109 |
||